000
00307nam a22001331a 4500
999
_c
169820
_d
169820
082
_a
823
_b
PAU/B
100
_a
Paulo Coelho
245
_a
Brida/
_c
by Paulo Coelho.
260
_a
_b
_c
650
_a
Translation Brazilian Novel
650
_a
Literature English
650
_a
Literature
942
_c
BK